Cơ sở đồ hoạ máy vi tính /
Các cơ sở về phần cứng; Đồ thị và đa giác; Phép biến đổi hai chiều; Cấu trúc dữ liệu đồ hoạ; Cửa sổ và lỗ hình; Đồ hoạ ba chiều-các phép chiếu đơn giản, các phép chiếu phức hợp; Khử bỏ nét khuất.
Đã lưu trong:
| Príomhúdar: | |
|---|---|
| Formáid: | Leabhar |
| Teanga: | Vietnamese |
| Foilsithe: |
Hà Nội :
Giáo dục,
1998.
|
| Ábhair: | |
| Clibeanna: |
Cuir Clib Leis
Gan Chlibeanna, Bí ar an gcéad duine leis an taifead seo a chlibeáil!
|
| Thư viện lưu trữ: | Mạng thư viện Đại học Đà Nẵng |
|---|
| LEADER | 01140cam a2200337 a 4500 | ||
|---|---|---|---|
| 001 | 000004255 | ||
| 003 | 386 | ||
| 005 | 20121211001209.0 | ||
| 008 | 110718s1998 vie | ||
| 020 | |c 14600 | ||
| 022 | |a T | ||
| 040 | |a IRC |c IRC |d IRC | ||
| 041 | 0 | |a vie | |
| 082 | 1 | 4 | |a 006.6 |b PH-P |
| 100 | 1 | |a Phan Hữu Phúc, |c PTS. | |
| 245 | 1 | 0 | |a Cơ sở đồ hoạ máy vi tính / |c Phan Hữu Phúc. |
| 260 | |a Hà Nội : |b Giáo dục, |c 1998. | ||
| 300 | |a 160 tr. ; |c 27 cm. | ||
| 520 | 3 | |a Các cơ sở về phần cứng; Đồ thị và đa giác; Phép biến đổi hai chiều; Cấu trúc dữ liệu đồ hoạ; Cửa sổ và lỗ hình; Đồ hoạ ba chiều-các phép chiếu đơn giản, các phép chiếu phức hợp; Khử bỏ nét khuất. | |
| 630 | 0 | 4 | |a Tin học. |
| 630 | 0 | 4 | |a Đồ hoạ. |
| 630 | 0 | 4 | |a Computer graphics. |
| 650 | 0 | 4 | |a Đồ hoạ máy tính (Tin học ứng dụng) |
| OWN | |a LSP | ||
| 999 | |a From the UDN01 | ||
| TYP | |a Monograph | ||
| TYP | |a Printed language | ||
| 980 | |a Mạng thư viện Đại học Đà Nẵng | ||